| 000 | 01437cam a2200265 4500 | ||
|---|---|---|---|
| 001 | ABS64346 | ||
| 008 | 010820n2001 000 0 eng u | ||
| 035 | _a(Sirsi) u114201 | ||
| 245 | _aLepley v Essex County Council | ||
| 260 | _c2001 | ||
| 490 |
_aRating and Valuation Reporter _v[2001] RVR 147-153(7) |
||
| 520 | _aLT 24 October 2000. The claimant (L) sought compensation for Essex CC (E)'s compulsory purchase of the subject property which included equestrian facilities, valued at £450,000 in 1999. E valued the property at £330,000 and referred to a near-by scrapyard. Both L and E used comparables to support their valuation of the property. L used 6 including 2 which were settlements agreed with E regarding the same road scheme while E used the same 3 properties as L but disregarded the 2 settlements because they were not open market transactions. It was held that the property's open market value was £375,000; the property being very suitable for the market it was aimed at. | ||
| 590 | _aABS | ||
| 650 | _aLEPLEY V ESSEX CC | ||
| 650 | _aEQUESTRIAN PROPERTIES | ||
| 650 |
_aCompulsory purchase _96228 |
||
| 650 | _aCOMPENSATION | ||
| 650 |
_aValuation _96273 |
||
| 650 | _aEVIDENCE OF VALUE | ||
| 650 | _aCOMPARABLES | ||
| 650 | _aSETTLEMENTS | ||
| 650 | _aOPEN MARKET VALUE | ||
| 690 | _aENVIRONMENTAL AND LAND CONSULTANCY-PLANNING AND DEVELOPMENT-COMPULSORY PURCHASE AND COMPENSATION | ||
| 942 | _n0 | ||
| 999 |
_c68034 _d68034 |
||